| 000 | 01215 a2200181 4500 | ||
|---|---|---|---|
| 003 | Nust | ||
| 005 | 20221115125023.0 | ||
| 040 | _cNust | ||
| 082 | _a512.13,VAN | ||
| 100 |
_aVance, Elbridge Putnam _939135 |
||
| 245 |
_aModern algebra and trigonometry / _cElbridge P. Vance |
||
| 250 | _a2d ed. | ||
| 260 |
_aReading, Mass., _bAddison-Wesley Pub. Co. _c[1968] |
||
| 300 |
_axi, 432 p. illus. _bpart col. 24 cm. |
||
| 505 | _aSets and Numbers (Page-1), The Algebra of Numbers as a Logical Systems (Page-20), Extensions of the Logic of Algebra (Page-33), Inequalities Absolute Values and Coordinate Systems (Page-64), Functions and Their Graphical Representation (Page-87), The Circular Functions (Page-99), Linear and Quadratic Functions (Page-144), Determinants (Page-189), Polynomial Functions (Page-206), Inverse Functions (Page-220), Permutations Combinations and the Binomial Theorem (Page-233), Mathematical Induction (Page-250), Exponential and Logarithmic Functions (Page-257), Applications of the Circular Functions (Page-280), Applications of the Circular Functions to Angles (Page-293), Complex Numbers(Page-322). | ||
| 650 |
_aModern algebra and trigonometry _9102640 |
||
| 942 |
_2ddc _cBK _k512.13,VAN |
||
| 999 |
_c182110 _d182110 |
||